000 00623nam a2200217 a 4500
001 BRL_756
005 20190320210900.0
008 021013s1926----gw-c######---#000-0dger-#
041 _ager
044 _agw
050 4 _aML410.W1
_b.G65 1926
100 1 _aGolther, Wolfgang
_d1863-1945
_924847
245 1 0 _aRichard Wagner Leben und Lebenswerk
_cvon Wolfgang Golther.
260 _aLeipzig
_bPhilipp Reclam Jun.
_c1926
300 _a247 p.
_bil.
_c15 cm.
440 0 _aMusiker biographien
_vBand. 5
_924848
500 _aAu815
600 1 4 _aWagner, Richard
_d1813-1883
_vBiografĂ­a
_924849
902 _aGRL
942 _2lcc
_cB
999 _c9568
_d9568